Normal view
MARC view
- Godefroy C H
Entry Personal Name
001 - CONTROL NUMBER
- control field: 108557
003 - CONTROL NUMBER IDENTIFIER
- control field: OSt
005 - DATE AND TIME OF LATEST TRANSACTION
- control field: 20230125043329.0
008 - FIXED-LENGTH DATA ELEMENTS
- fixed length control field: 230125|| aca||aabn | a|a d
040 ## - CATALOGING SOURCE
- Original cataloging agency: OSt
- Transcribing agency: OSt
100 ## - HEADING--PERSONAL NAME
- Personal name: Godefroy C H
670 ## - SOURCE DATA FOUND
- Source citation: Work cat.: (OSt)85362: Godefroy C H, Complete time management systems, 1993